[Event "Ceske Budejovice GM 2018"]
[Site "Ceske Budejovice"]
[Date "2018.06.25"]
[Round "5"]
[White "Simacek, Pavel"]
[Black "Svoboda, Svatopluk"]
[Result "1-0"]
[WhiteElo "2490"]
[BlackElo "2434"]
[Annotator "TA"]
[PlyCount "45"]
[EventDate "2018.06.21"]
[EventCountry "CZE"]
[SourceTitle "playchess.com"]
[Source "ChessBase"]
[SourceQuality "1"]

{[%evp 27,45,34,37,49,39,40,76,74,91,100,139,91,95,92,84,89,553,546,544,543]} 1. e4 c5 2. Nf3 g6 3. c4 Bg7 4. d4 cxd4 5. Nxd4 Nc6 6. Be3 Nf6 7. Nc3 O-O 8. Be2 d6 9. O-O Bd7 10. f3 Nxd4 11. Bxd4 a5 {B38: Sicilian: Maroczy Bind with 5...Bg7 and 7...0-0} 12. a3 (12. b3 Bc6 13. Qd2 Nd7 14. Be3 Nc5 15. Rab1 Qb6 16. Rfc1 Rfc8 17. Rc2 Qb4 18. Qc1 Qb6 19. Kh1 h5 20. a3 Qd8 21. Qd2 Kh7 22. Bf1 Qf8 23. b4 axb4 24. axb4 Na4 25. Ne2 {1-0 (55) Navara,D (2734)-Mamedov,R (2650) Huaian 2016}) 12... a4 13. c5 dxc5 14. Bxc5 Bc6 {LiveBook: 6 Games} 15. Qe1 Nd7 $146 ({Predecessor:} 15... Qc7 16. Qf2 Rfe8 17. Rac1 Nd7 18. Nb5 Qb8 19. Ba7 {½-½ (45) Garcia Pantoja,R (2500)-Quinonez Garcia,S (2379) Medellin 2017}) 16. Rd1 Be5 17. f4 Bxc3 18. Qxc3 Qc7 19. Bxe7 Rfe8 20. Bg5 $40 {[%mdl 128] White wants a kill.} Rxe4 21. Bh6 {[%csl Gh6][%cal Rc3g7] [#]} Ne5 $2 {[%mdl 8192]} (21... f6 $16 {is tougher.}) 22. Bd3 $18 Qb6+ 23. Kh1 1-0

[Event "Ceske Budejovice GM 2018"]
[Site "Ceske Budejovice"]
[Date "2018.06.25"]
[Round "5"]
[White "Plischki, Sebastian"]
[Black "Nguyen, Piotr"]
[Result "1/2-1/2"]
[WhiteElo "2413"]
[BlackElo "2397"]
[Annotator "TA"]
[PlyCount "32"]
[EventDate "2018.06.21"]
[EventCountry "CZE"]
[SourceTitle "playchess.com"]
[Source "ChessBase"]
[SourceQuality "1"]

{[%evp 15,32,45,67,40,74,17,39,0,0,0,0,0,11,-8,-6,0,9,-5,0]} 1. d4 d6 2. Nf3 g6 3. c4 Bg7 4. g3 e5 5. dxe5 dxe5 6. Qxd8+ Kxd8 7. Nc3 {A41: 1 d4 d6: Tartakower System and Modern Defence} f6 8. Bg2 c6 {LiveBook: 3 Games} 9. O-O {White is slightly better.} Be6 10. b3 (10. b4 $16) 10... Nd7 11. Ba3 Nh6 $146 {The position is equal.} ({Predecessor:} 11... Bf8 12. Bb2 Nh6 13. Ne1 Kc7 14. Nd3 Re8 {0-1 (58) Akshat,K (2307)-Iuldachev,S (2526) New Delhi 2008}) 12. Rfd1 Bf8 13. Bxf8 Rxf8 14. Ne1 Ke7 15. Nd3 f5 16. Rd2 Rad8 {Precision: White = 44%, Black = 54%.} 1/2-1/2

[Event "Ceske Budejovice GM 2018"]
[Site "Ceske Budejovice"]
[Date "2018.06.25"]
[Round "5"]
[White "Bures, Jaroslav"]
[Black "Cernousek, Lukas"]
[Result "1/2-1/2"]
[WhiteElo "2406"]
[BlackElo "2462"]
[Annotator "TA"]
[PlyCount "81"]
[EventDate "2018.06.21"]
[EventCountry "CZE"]
[SourceTitle "playchess.com"]
[Source "ChessBase"]
[SourceQuality "1"]

{[%evp 11,81,11,17,1,12,12,20,13,13,14,14,0,15,0,22,23,32,27,33,22,30,29,45,27,128,55,133,152,134,143,120,132,171,187,187,121,110,79,97,97,99,99,87,83,87,87,87,87,87,87,83,90,83,62,62,57,57,57,74,63,70,32,57,8,9,8,14,10,74,0,0,0]} 1. Nf3 d5 2. g3 c5 3. Bg2 Nf6 4. O-O g6 5. c3 (5. d4 cxd4 6. Nxd4 Bg7 7. Nb3 Nc6 8. Nc3 e6 9. e4 d4 10. Na4 O-O 11. c3 dxc3 12. Nxc3 e5 {½-½ (44) Nakamura,H (2781)-Anand,V (2782) London 2017}) 5... Bg7 6. d4 {A08: King's Indian Attack} Qb6 {LiveBook: 12 Games} 7. a4 cxd4 8. a5 Qd8 9. cxd4 Nc6 10. Qa4 $146 ({Predecessor:} 10. Ne5 O-O 11. a6 Qb6 12. Nc3 e6 13. Bf4 Nxe5 14. axb7 Bxb7 15. Bxe5 Qxb2 {½-½ (20) Dimakiling,O (2425)-Grigoryan,K (2571) Johor 2017}) 10... Bd7 11. Nc3 O-O 12. Rd1 Ne5 13. Qb3 Nxf3+ 14. Bxf3 Bc6 15. Bg5 e6 $1 16. e4 dxe4 {[#]} 17. Nxe4 $1 {[%mdl 512] Black must now prevent a6.} Rb8 (17... Rc8 $11 {remains equal.}) (17... Bxe4 18. Bxe4) 18. d5 (18. Nxf6+ $1 $16 Bxf6 19. Bf4 Bxf3 20. Qxf3) 18... exd5 (18... Bxd5 $14 19. Qe3 a6) 19. Nxf6+ $16 Bxf6 {[#]} 20. Bf4 $1 {[%cal Rf3d5]} Ra8 21. Bxd5 Bxd5 22. Rxd5 Qc8 23. Rb5 (23. Rc1 $18 Qe6 24. Qxb7) 23... b6 24. Rc1 Qe6 25. axb6 axb6 26. Qxe6 fxe6 27. Rc6 Ra2 28. Rcxb6 Bd4 29. Rb7 Rf7 30. Rb8+ Rf8 31. Be3 Bxe3 32. Rxf8+ (32. fxe3 {is more complex.} Rxb8 33. Rxb8+ Kg7 34. Kf2 Kf6 35. Kf3) 32... Kxf8 33. fxe3 {[%mdl 4096] Endgame KR-KR} Kf7 34. Kf2 Kf6 35. Kf3 h5 36. h4 Ra1 $1 37. b4 Rf1+ 38. Kg2 Re1 39. Kf2 Rb1 {[#]} 40. e4 ({White should try} 40. Rb8 $1 $16) 40... Rb3 $1 $11 41. Kg2 {Precision: White = 65%, Black = 66%.} 1/2-1/2

[Event "Ceske Budejovice GM 2018"]
[Site "Ceske Budejovice"]
[Date "2018.06.26"]
[Round "6"]
[White "Stefansson, Hannes"]
[Black "Simacek, Pavel"]
[Result "1-0"]
[WhiteElo "2541"]
[BlackElo "2490"]
[Annotator "TA"]
[PlyCount "67"]
[EventDate "2018.06.21"]
[EventCountry "CZE"]
[SourceTitle "playchess.com"]
[Source "ChessBase"]
[SourceQuality "1"]

{[%evp 19,67,12,18,4,1,0,0,9,19,0,10,0,0,-18,-25,-53,-52,-56,52,46,49,53,51,50,38,33,93,58,77,60,68,52,366,359,361,377,1368,1381,1285,1204,29995,2533,29993,1335,29985,29986,29986,29978,29976,12843]} 1. e4 e5 2. Nf3 Nc6 3. Bb5 a6 4. Ba4 Nf6 5. d3 b5 6. Bb3 Bc5 7. O-O d6 8. c3 {C78: Ruy Lopez: Archangelsk and Möller Defences} Bb6 9. Re1 h6 10. Nbd2 O-O {LiveBook: 18 Games} 11. a4 {White wants to play axb5.} Rb8 12. axb5 axb5 13. Nf1 {[#]} b4 $146 ({Predecessor:} 13... Ne7 14. Be3 c5 15. h3 Ng6 16. Ng3 c4 17. Bxb6 Rxb6 {0-1 (49) Akopian,V (2673)-Adams,M (2729) Yerevan 2008}) 14. Ba4 Bd7 15. Bxc6 Bxc6 16. cxb4 Ng4 17. d4 f5 18. exf5 exd4 (18... Rxf5 $15 19. Qc2 Qd7) 19. h3 $36 {[%mdl 2048] White has good play.} Bxf3 20. Qxf3 Ne5 21. Qd5+ Kh8 22. Ng3 c6 (22... Qf6 $14) 23. Qb3 Bc5 24. Ra4 Qb6 25. Bxh6 Bxb4 $2 {[%mdl 8192]} (25... d3 $1 $14 26. Be3 d2) 26. Re4 {aiming for Rh4.} gxh6 27. Qe6 Rb7 $2 (27... Qc7) 28. Qxh6+ $18 Kg8 29. Rh4 {Ra8! would kill now.} Be1 {[#]} 30. Ne4 (30. Ra8 $142 $3 {[%mdl 512]} Bxf2+ (30... Rxa8 31. Qh8+) 31. Kh1 Qd8 32. Rxd8 Ng6 33. fxg6 Rxd8 34. Qh8#) 30... Qd8 31. Rxd4 (31. Qh8+ $142 Kf7 32. Rh7+ Ke8 {[#]} 33. Nf6+ $1 {[%mdl 512]} Qxf6 34. Ra8+ Rb8 35. Rxb8+ Qd8 36. Rxd8+ Kxd8 37. Qxf8#) 31... d5 32. Qh8+ {White mates.} Kf7 33. Qxe5 Bxf2+ 34. Nxf2 {Precision: White = 46%, Black = 28%.} ({Inferior is} 34. Kxf2 Qxh4+ 35. g3 Rxb2+ 36. Ke1 Rb1+ 37. Kf2 Rb2+ 38. Kg1 Rb1+ 39. Kh2 Rb2+ 40. Kg1 Rb1+ 41. Kf2 Rb2+ $11) 1-0

[Event "Ceske Budejovice GM 2018"]
[Site "Ceske Budejovice"]
[Date "2018.06.26"]
[Round "6"]
[White "Cernousek, Lukas"]
[Black "Ovsejevitsch, Sergei"]
[Result "1/2-1/2"]
[WhiteElo "2462"]
[BlackElo "2602"]
[Annotator "TA"]
[PlyCount "65"]
[EventDate "2018.06.21"]
[EventCountry "CZE"]
[SourceTitle "playchess.com"]
[Source "ChessBase"]
[SourceQuality "1"]

{[%evp 18,65,22,31,26,29,24,22,56,50,52,59,61,46,46,31,27,23,43,36,39,33,39,22,31,26,35,16,45,0,0,0,0,0,0,-12,-22,-18,-19,-29,-13,-9,-9,-9,-13,-13,-14,-14,-12,-14]} 1. d4 Nf6 2. c4 e6 3. g3 d5 4. Nf3 Bb4+ 5. Bd2 {[%cal Bc1d2,Bd2g5,Bg5f4][%mdl 32]} Bd6 (5... Be7 6. Bg2 O-O 7. O-O Nbd7 8. b4 c6 9. a4 Bd6 10. Qc2 e5 11. cxd5 cxd5 12. dxe5 Nxe5 13. Bc3 Re8 14. Nbd2 Nxf3+ 15. Bxf3 Bh3 {½-½ (58) So,W (2778)-Karjakin,S (2782) Stavanger 2018}) 6. Nc3 {E01: Catalan: Early deviations} O-O 7. Bg5 c6 8. Bg2 Nbd7 9. e4 dxe4 {[#]} 10. Nxe4 $1 {[%mdl 512] LiveBook: 13 Games} Bb4+ (10... Nxe4 11. Bxd8) 11. Nc3 h6 12. Bf4 Ne4 13. Qc2 $146 Nxc3 14. bxc3 Ba5 15. O-O Bc7 16. Bxc7 Qxc7 17. Rfe1 c5 18. Rad1 cxd4 19. cxd4 Rb8 20. c5 Nf6 21. Ne5 Bd7 22. Rb1 Rfd8 23. Rb4 Be8 24. Reb1 {[%cal Rb4b7]} Nd5 25. R4b2 b6 26. cxb6 (26. h4 {with more complications.} Rbc8 27. Rc1 Qe7 28. a3 f6 29. Nd3) 26... Qxc2 27. Rxc2 {[#] aiming for Bxd5.} Rxb6 28. Rxb6 axb6 29. Nc6 {The position is equal.} Bxc6 30. Rxc6 Nb4 31. Rxb6 Nxa2 32. Rb2 Nc3 33. Rc2 {Precision: White = 70%, Black = 76%.} 1/2-1/2

[Event "Ceske Budejovice GM 2018"]
[Site "Ceske Budejovice"]
[Date "2018.06.26"]
[Round "6"]
[White "Nguyen, Piotr"]
[Black "Bures, Jaroslav"]
[Result "1/2-1/2"]
[WhiteElo "2397"]
[BlackElo "2406"]
[Annotator "ChessBase"]
[PlyCount "148"]
[EventDate "2018.06.21"]
[EventCountry "CZE"]
[SourceTitle "playchess.com"]
[Source "ChessBase"]
[SourceQuality "1"]
[TimeControl "40/5400+30:1800+30"]

1. c4 {[%emt 0:00:00]} e6 {[%emt 0:00:43]} 2. g3 {[%emt 0:00:08]} d5 {[%emt 0:00:06]} 3. Bg2 {[%emt 0:00:10]} Nf6 {[%emt 0:00:27]} 4. Nf3 {[%emt 0:00:15]} dxc4 {[%emt 0:00:33]} 5. Qa4+ {[%emt 0:00:21]} Bd7 {[%emt 0:00:37]} 6. Qxc4 {[%emt 0:00:11]} Bc6 {[%emt 0:00:03]} 7. O-O {[%emt 0:10:38]} Be7 {[%emt 0:00:32]} 8. Qc2 {[%emt 0:02:23]} O-O {[%emt 0:01:08]} 9. Nc3 {[%emt 0:01:09]} Na6 {[%emt 0:00:54]} 10. a3 {[%emt 0:09:30]} Bxf3 {[%emt 0:01:00]} 11. Bxf3 {[%emt 0:00:09]} c6 {[%emt 0:00:04]} 12. Rd1 {[%emt 0:04:28]} e5 {[%emt 0:09:11]} 13. e3 {[%emt 0:09:38]} Qc7 {[%emt 0:09:30]} 14. b3 {[%emt 0:03:17]} Rfd8 {[%emt 0:08:03]} 15. Bb2 {[%emt 0:12:20]} Nc5 {[%emt 0:02:03]} 16. d3 {[%emt 0:00:43]} a5 {[%emt 0:06:37]} 17. Ne2 {[%emt 0:03:09]} Qb6 {[%emt 0:14:04]} 18. Bxe5 {[%emt 0:04:11]} Qxb3 {[%emt 0:00:46]} 19. Qxb3 {[%emt 0:00:58]} Nxb3 {[%emt 0:00:02]} 20. Rab1 {[%emt 0:17:02]} a4 {[%emt 0:00:24]} 21. Bb2 {[%emt 0:02:23]} Nd5 {[%emt 0:01:45]} 22. Nc1 {[%emt 0:03:23]} Bxa3 {[%emt 0:08:21]} 23. Bxd5 {[%emt 0:03:30]} Bxb2 {[%emt 0:00:41]} 24. Bxb3 {[%emt 0:00:47]} Bxc1 {[%emt 0:00:22]} 25. Ba2 {[%emt 0:03:32]} Ba3 {[%emt 0:14:15]} 26. Rxb7 {[%emt 0:00:04]} Kh8 {[%emt 0:00:05]} 27. Bxf7 {[%emt 0:01:50]} Bf8 {[%emt 0:02:50]} 28. Bc4 {[%emt 0:01:34]} a3 {[%emt 0:01:08]} 29. Rdb1 {[%emt 0:01:24]} g6 {[%emt 0:04:05]} 30. Rc7 {[%emt 0:02:54]} Rdc8 {[%emt 0:02:02]} 31. Rd7 {[%emt 0:00:14]} Rd8 {[%emt 0:00:44]} 32. Rc7 {[%emt 0:00:16]} Rdc8 {[%emt 0:00:09]} 33. Rf7 {[%emt 0:01:07]} Rcb8 {[%emt 0:00:11]} 34. Rxb8 {[%emt 0:00:13]} Rxb8 {[%emt 0:00:04]} 35. Ra7 {[%emt 0:00:12]} Rb2 {[%emt 0:01:46]} 36. g4 {[%emt 0:01:40]} g5 {[%emt 0:02:12]} 37. Kg2 {[%emt 0:00:57]} Bc5 {[%emt 0:03:54]} 38. Ra8+ {[%emt 0:00:04]} Kg7 {[%emt 0:00:02]} 39. Kf3 {[%emt 0:01:15]} Bb4 {[%emt 0:01:34]} 40. Ra7+ {[%emt 0:01:06]} Kf8 {[%emt 0:34:20]} 41. h3 {[%emt 0:17:13]} Be1 {[%emt 0:00:00]} 42. Rxa3 {[%emt 0:00:25]} Rxf2+ {[%emt 0:00:00]} 43. Ke4 {[%emt 0:00:03]} Rh2 {[%emt 0:00:00]} 44. Ra1 {[%emt 0:04:47]} Bh4 {[%emt 0:00:00]} 45. Ra6 {[%emt 0:04:12]} Rxh3 {[%emt 0:00:00]} 46. Rxc6 {[%emt 0:00:03]} Be1 {[%emt 0:00:00]} 47. Rf6+ {[%emt 0:03:07]} Kg7 {[%emt 0:00:00]} 48. Rf3 {[%emt 0:00:07]} Rh4 {[%emt 0:00:00]} 49. Kf5 {[%emt 0:00:31]} h5 {[%emt 0:00:00]} 50. Rf1 {[%emt 0:01:25]} Bd2 {[%emt 0:00:00]} 51. Kxg5 {[%emt 0:01:23]} Rxg4+ {[%emt 0:00:00]} 52. Kxh5 {[%emt 0:00:01]} Rg3 {[%emt 0:00:00]} 53. Rf7+ {[%emt 0:00:40]} Kh8 {[%emt 0:00:00]} 54. e4 {[%emt 0:00:46]} Bc3 {[%emt 0:00:00]} 55. Rf5 {[%emt 0:01:56]} Kg7 {[%emt 0:01:36]} 56. Rf7+ {[%emt 0:00:18]} Kh8 {[%emt 0:00:09]} 57. Re7 {[%emt 0:00:37]} Bf6 {[%emt 0:01:11]} 58. Re6 {[%emt 0:00:31]} Kg7 {[%emt 0:00:19]} 59. Ra6 {[%emt 0:01:13]} Rg5+ {[%emt 0:04:27]} 60. Kh4 {[%emt 0:00:04]} Ra5+ {[%emt 0:00:16]} 61. Kg4 {[%emt 0:00:05]} Rxa6 {[%emt 0:00:05]} 62. Bxa6 {[%emt 0:00:06]} Kf7 {[%emt 0:01:36]} 63. Kf5 {[%emt 0:00:04]} Bc3 {[%emt 0:01:35]} 64. e5 {[%emt 0:00:10]} Ke7 {[%emt 0:01:07]} 65. Ke4 {[%emt 0:00:04]} Ba5 {[%emt 0:01:13]} 66. Kd5 {[%emt 0:00:18]} Bb6 {[%emt 0:00:09]} 67. Bc8 {[%emt 0:00:04]} Ba7 {[%emt 0:00:08]} 68. Bg4 {[%emt 0:00:22]} Bb6 {[%emt 0:00:05]} 69. Kc4 {[%emt 0:01:18]} Ba7 {[%emt 0:00:07]} 70. d4 {[%emt 0:00:16]} Bb6 {[%emt 0:00:25]} 71. d5 {[%emt 0:01:49]} Bc7 {[%emt 0:00:11]} 72. Kd4 {[%emt 0:00:06]} Bb8 {[%emt 0:00:05]} 73. d6+ {[%emt 0:00:04]} Bxd6 {[%emt 0:00:03]} 74. exd6+ {[%emt 0:00:04]} Kxd6 {[%emt 0:00:04]} 1/2-1/2

[Event "Ceske Budejovice GM 2018"]
[Site "Ceske Budejovice"]
[Date "2018.06.27"]
[Round "7"]
[White "Ovsejevitsch, Sergei"]
[Black "Nguyen, Piotr"]
[Result "1-0"]
[WhiteElo "2602"]
[BlackElo "2397"]
[Annotator "TA RC"]
[PlyCount "35"]
[EventDate "2018.06.21"]
[EventCountry "CZE"]
[SourceTitle "playchess.com"]
[Source "ChessBase"]
[SourceQuality "1"]

{[%evp 9,34,10,16,22,11,11,22,25,24,16,42,24,186,187,192,111,542,539,29995,1059,29996,29997,29997,29998,29998,29999,29999]} 1. d4 f5 2. Nc3 Nf6 3. Bg5 d5 4. e3 e6 5. Nf3 a6 {LiveBook: 14 Games} (5... Be7 6. Bd3 O-O 7. O-O Ne4 8. Bxe7 Qxe7 9. Ne2 Nd6 10. Rc1 Nd7 11. c4 c6 12. Qb3 Kh8 13. Qa3 a5 14. Ne5 {½-½ (45) So,W (2770)-Carlsen,M (2855) Leuven 2016}) 6. g4 $146 {A80: Dutch Defence: Unusual White second moves} ({Predecessor:} 6. h3 Be7 7. Bd3 O-O 8. Ne2 c5 9. dxc5 Nc6 10. Ned4 Bxc5 11. O-O Qb6 12. Nb3 Ne4 13. Bf4 {½-½ (42) Vitiugov,N (2724)-Kobalia,M (2628) Moscow 2017}) 6... fxg4 7. Ne5 Be7 8. h3 {The position is equal.} g3 9. f4 O-O 10. Rg1 b5 $2 (10... c5 $11 {and Black stays safe.}) 11. Bd3 $36 {[%mdl 2048] White is on the roll.} ({Not} 11. Rxg3 b4 $11) 11... Nbd7 {[#]} 12. Rxg3 (12. Qf3 $1 $18) 12... b4 $2 {[%mdl 8192] [#]} (12... Kh8 $16 {is more resistant.}) 13. Bh6 $1 bxc3 14. Rxg7+ Kh8 {[#]} 15. Qg4 $1 {[%mdl 512] White mates.} Nxg4 16. Rxh7+ Kg8 17. Rg7+ Kh8 18. Ng6# {Precision: White = 90%, Black = 30%.} 1-0

[Event "Ceske Budejovice GM 2018"]
[Site "Ceske Budejovice"]
[Date "2018.06.27"]
[Round "7"]
[White "Mirzoev, Azer"]
[Black "Cernousek, Lukas"]
[Result "1-0"]
[WhiteElo "2506"]
[BlackElo "2462"]
[Annotator "TA RC"]
[PlyCount "93"]
[EventDate "2018.06.21"]
[EventCountry "CZE"]
[SourceTitle "playchess.com"]
[Source "ChessBase"]
[SourceQuality "1"]

{[%evp 12,93,-11,-19,-19,-19,-15,-9,-17,-13,1,0,15,0,17,0,17,18,12,15,24,14,24,10,27,9,22,6,14,11,43,10,17,0,53,69,84,93,81,60,101,93,94,102,138,132,151,152,160,165,220,229,311,318,367,361,354,342,443,423,408,311,479,479,715,691,1083,1077,967,835,835,539,720,663,652,0,651,618,543,539,2282,2130,2049,1700]} 1. c4 c5 2. Nc3 g6 3. g3 Bg7 4. Bg2 Nc6 5. Nf3 e6 {[%cal Be7e6,Be6d5,Bd5d4][%mdl 32]} 6. b3 Nge7 {A37: Symmetrical English vs ...g6: 4 Bg2 Bg7 5 Nf3} 7. Bb2 {LiveBook: 19 Games} d5 (7... O-O 8. O-O d6 9. e3 e5 10. d3 h6 11. a3 Be6 12. Nd2 Rb8 13. Rb1 a6 14. Nd5 b5 15. Bc3 f5 16. b4 bxc4 17. Nxe7+ Nxe7 18. Nxc4 cxb4 19. Bxb4 {½-½ (53) Utegaliev,A (2522)-Zhou,J (2617) Chengdu 2017}) 8. cxd5 exd5 {The position is equal.} 9. Na4 {[%cal Bc3a4,Ba4b2,Bb2c4][%mdl 32]} Bxb2 10. Nxb2 d4 11. O-O b6 $146 ({Predecessor:} 11... Be6 12. Nd3 b6 13. a3 Nd5 14. b4 {0-1 (41) Lavrenov,Y (2147)-Van Herck,M (2216) Bilzen 2004}) 12. e3 Bb7 13. Nc4 Rb8 14. Re1 O-O 15. exd4 Nxd4 16. Nxd4 cxd4 17. Qg4 h5 18. Qf4 Bxg2 19. Kxg2 Nf5 20. Re5 Re8 21. Rae1 Rxe5 22. Rxe5 (22. Nxe5 {is more complex.} Rc8 23. h3 Rc2 24. g4 Qd5+ 25. Qe4) 22... Rb7 ({Black should try} 22... f6 $11 23. Rxf5 gxf5) 23. Qe4 $36 {[%mdl 2048] White is pushing.} Re7 24. Rxe7 Nxe7 25. Qb7 Qd5+ 26. Qxd5 Nxd5 $16 {[%mdl 4096] Endgame KN-KN} 27. Kf3 f5 28. Ne5 g5 29. Ke2 Nb4 30. a3 {[%cal Ba2a3,Ba3a4][%mdl 32]} Nc2 (30... d3+ $142 31. Ke3 (31. Nxd3 Nc2 $16) 31... Nc2+ 32. Kxd3 Nxa3) 31. a4 $18 Kg7 32. Kd3 Ne1+ 33. Kxd4 Kf6 34. Kd5 g4 35. d4 {[%cal Bd2d4,Bd4d5,Bd5d6,Bd6d7][%mdl 32]} f4 36. Ke4 f3 (36... fxg3 $142 37. hxg3 (37. fxg3 Ke6 $18) 37... Ke6) 37. d5 Nc2 (37... Ke7 $142 38. Nc6+ Kd6 39. Nxa7 Nc2) 38. d6 a6 39. d7 Ke7 40. Kd5 Nb4+ 41. Kc4 Nc2 42. Kd3 Nb4+ 43. Ke4 Nc2 $1 44. Kf4 {White is clearly winning.} Nd4 45. b4 Ne2+ 46. Kg5 Nc3 47. Kxh5 {Precision: White = 81%, Black = 33%.} 1-0

[Event "Ceske Budejovice GM 2018"]
[Site "Ceske Budejovice"]
[Date "2018.06.27"]
[Round "7"]
[White "Simacek, Pavel"]
[Black "Voloshin, Leonid"]
[Result "1/2-1/2"]
[WhiteElo "2490"]
[BlackElo "2383"]
[Annotator "TA RC"]
[PlyCount "26"]
[EventDate "2018.06.21"]
[EventCountry "CZE"]
[SourceTitle "playchess.com"]
[Source "ChessBase"]
[SourceQuality "1"]

{[%evp 18,26,0,0,0,0,0,0,14,22,15]} 1. e4 e5 2. Nf3 Nf6 3. Nc3 Nc6 4. Bb5 Bb4 5. O-O O-O 6. d3 {[%cal Bd2d3,Bd3d4][%mdl 32]} Bxc3 7. bxc3 d6 8. Re1 Bd7 9. d4 h6 10. Rb1 {LiveBook: 12 Games. The position is equal. C49: Four Knights: 4 Bb5 Bb4} Rb8 (10... b6 11. h3 Re8 12. Bd3 Nh7 13. Be3 Nf8 14. Nh2 Qf6 15. Bb5 Rad8 16. Qd3 Qg6 17. Bd2 Na5 18. Ba6 Bc8 19. Bb5 Bd7 20. Ba6 Bc8 21. Bb5 Bd7 22. Ba6 {½-½ (22) Sutovsky,E (2671)-Kamsky,G (2741) Loo 2013}) 11. h3 Re8 12. Bd3 Na5 $146 ({Predecessor:} 12... a6 13. Bb2 b5 14. Nd2 Ne7 15. c4 Ng6 16. cxb5 axb5 17. dxe5 dxe5 18. Qf3 Qe7 19. c4 Nf4 {1-0 (51) Kobzar,A (2094)-Kharitonov,A (2056) Peterhof 2007}) 13. Nd2 c5 1/2-1/2

[Event "Ceske Budejovice GM 2018"]
[Site "Ceske Budejovice"]
[Date "2018.06.27"]
[Round "7"]
[White "Plischki, Sebastian"]
[Black "Stefansson, Hannes"]
[Result "1/2-1/2"]
[WhiteElo "2413"]
[BlackElo "2541"]
[Annotator "TA"]
[PlyCount "40"]
[EventDate "2018.06.21"]
[EventCountry "CZE"]
[SourceTitle "playchess.com"]
[Source "ChessBase"]
[SourceQuality "1"]

{[%evp 27,29,0,0,6]} 1. d4 d5 2. c4 e6 3. Nc3 Bb4 4. cxd5 exd5 5. Bf4 c5 6. dxc5 Nf6 7. e3 O-O 8. Bd3 Nc6 9. Nge2 Bxc5 10. O-O d4 11. exd4 Nxd4 12. Nxd4 Qxd4 {D35: Damengambit (Abtauschvariante)} 13. Be3 (13. Bg3 Bg4 14. Qc2 Rac8 15. h3 Rfd8 16. Bf5 Bxf5 17. Qxf5 Qd3 18. Qxd3 Rxd3 19. Bh4 Bd4 20. Rfd1 Rxd1+ 21. Rxd1 Bxc3 22. bxc3 Ne4 23. Rd7 g5 24. Re7 gxh4 {½-½ (24) Bocharov,D (2597)-Landa,K (2613) Serpukhov 2008}) 13... Qe5 14. Bxc5 Qxc5 {LiveBook: 8 Partien} 15. Ne4 {Vorgänger:} Nxe4 $146 16. Bxe4 Be6 17. b3 Qb4 18. Qf3 Rab8 19. h3 h6 20. Rfd1 b5 {½-½ (20) Labeckas,K (2347)-Krivonosov,O (2413) Lithuania 2018} 1/2-1/2

[Event "Ceske Budejovice GM 2018"]
[Site "Ceske Budejovice"]
[Date "2018.06.27"]
[Round "7"]
[White "Bures, Jaroslav"]
[Black "Svoboda, Svatopluk"]
[Result "1/2-1/2"]
[WhiteElo "2406"]
[BlackElo "2434"]
[Annotator "TA"]
[PlyCount "38"]
[EventDate "2018.06.21"]
[EventCountry "CZE"]
[SourceTitle "playchess.com"]
[Source "ChessBase"]
[SourceQuality "1"]

{[%evp 25,27,-12,-1,-8]} 1. d4 e6 2. c4 f5 3. g3 Nf6 4. Bg2 Be7 5. Nf3 d6 6. Nc3 O-O 7. Qc2 a5 8. O-O Nc6 9. a3 e5 10. dxe5 dxe5 11. Rd1 Qe8 12. Nd5 {A96: Classical Dutch: Fluid Systems: Early deviations} Bd8 13. Bg5 Qf7 {LiveBook: 4 Games} 14. Bxf6 (14. Be3 e4 15. Ng5 Qg6 16. Nh3 Ng4 17. Bc5 Re8 18. f3 b6 19. Bxb6 cxb6 {1-0 (36) Lupulescu,C (2660)-Rahman,Z (2513) Dubai 2014}) {Predecessor:} 14... Bxf6 $146 15. e3 Be6 16. Nd2 e4 17. Nxf6+ Qxf6 18. Nb3 Ne5 19. Nc5 Bc8 {½-½ (39) Koneru,H (2311)-Dobos,J (2310) Budapest 2001} 1/2-1/2

[Event "Ceske Budejovice GM 2018"]
[Site "Ceske Budejovice"]
[Date "2018.06.28"]
[Round "8"]
[White "Stefansson, Hannes"]
[Black "Bures, Jaroslav"]
[Result "1-0"]
[WhiteElo "2541"]
[BlackElo "2406"]
[Annotator "TA RC"]
[PlyCount "75"]
[EventDate "2018.06.21"]
[EventCountry "CZE"]
[SourceTitle "playchess.com"]
[Source "ChessBase"]
[SourceQuality "1"]

{[%evp 14,75,33,32,55,28,38,22,28,31,107,35,34,40,30,32,41,43,72,54,68,55,72,62,176,180,193,192,189,160,195,122,108,86,356,359,362,361,352,352,362,362,362,354,450,437,731,727,683,676,783,655,935,856,1156,981,1163,720,1124,1082,1641,1287,12837,12838]} 1. d4 d5 2. c4 c6 3. cxd5 cxd5 4. Bf4 Nf6 5. Nc3 Nc6 6. e3 a6 7. Bd3 e6 8. Rc1 {LiveBook: 165 Games} h6 {D10: Slav Defence: 3 cxd5 (without early Nf3) and 3 Nc3} (8... Bd6 9. Bxd6 Qxd6 10. f4 O-O 11. Nf3 Bd7 12. Ne5 Rfc8 13. O-O Be8 14. g4 Nd7 15. g5 Ne7 16. Qf3 b5 {0-1 (35) Volkov,S (2627)-Cori Tello,J (2636) Sitges 2017}) 9. h3 (9. Nf3 {feels hotter.} Nh5 10. Be5 Be7 11. O-O O-O 12. h3) 9... Bd6 10. Bxd6 Qxd6 {The position is equal.} 11. f4 g5 {[#]} ({Better is} 11... b5 $14) 12. g3 (12. Qf3 $1 $16) 12... gxf4 13. gxf4 Rg8 14. Nf3 Bd7 $146 ({Predecessor:} 14... Rg2 15. Rc2 Rxc2 16. Bxc2 {1-0 (56) Petrukhina,I (2202)-Isaev,A (2025) Tomsk 2012}) 15. Ne5 Qb4 16. Qd2 Rc8 17. a3 Qe7 18. Qf2 Nxe5 (18... Kd8 $14) 19. fxe5 $18 Nh5 20. Kd2 Ng3 21. Rhg1 Qh4 {[#] With the idea ...Rxc3.} 22. Rg2 (22. Kc2 $1 $18) 22... Rg5 $16 23. Qf3 {And now Rcg1 would win.} Rxc3 $4 {[%mdl 8192]} (23... Bc6 $16 {keeps fighting.}) 24. bxc3 $18 ({Resist} 24. Kxc3 Ne4+ 25. Kb3 Rg3 $18) 24... Ne4+ 25. Bxe4 dxe4 26. Qf2 Qxh3 27. Rxg5 hxg5 {[%mdl 4096] Endgame KQR-KQB} 28. Rg1 Bb5 29. Rxg5 {Intending Rg8+ and mate.White is clearly winning.} Qf3 (29... Qf1 $142 30. Rg8+ Kd7 31. Qxf1 Bxf1) 30. Qxf3 exf3 {KR-KB} 31. Ke1 Be2 32. Kf2 a5 33. e4 {[%cal Be3e4,Be4d5][%mdl 32]} b5 34. Rg4 Kf8 35. Rf4 Ke7 36. d5 exd5 37. exd5 a4 38. Ke3 {Precision: White = 62%, Black = 29%.} 1-0